The full trial between Henry, Duke of Norfolk, plaintiff, and John Germaine, defendant : at the Kings-Bench Barr at Westminster on Thursday, Novemb. xxiiii, in Michaelmas-term, 1693.

Bibliographic Details
Main Author: Norfolk, Henry Howard, Duke of, 1655-1701
Corporate Author: England and Wales. Court of King's Bench
Other Authors: Germain, John, Sir, 1650-1718
Format: eBook
Language:English
Published: London printed : [publisher not identified], 1693.
Series:Early English books online.
Subjects:
Online Access:Connect to the full text of this electronic book

MARC

Tag First Indicator Second Indicator Subfields
LEADER 00000nam a2200000Ia 4500
001 in00004304521
005 20200810085453.0
006 m g d
007 cr bn |||a|bb|
008 870416s1693 enk o 00| | eng d
035 |a (OCoLC)15539603 
040 |a EAJ  |c EAJ  |d m/c  |d EAJ  |d WaOLN 
037 |a CL0037000038  |b ProQuest Information and Learning. 300 N. Zeeb Rd., Ann Arbor, MI 48106 
043 |a e-uk-en 
090 |a KD379  |b .N67 
049 |a EAJA 
100 1 |a Norfolk, Henry Howard,  |c Duke of,  |d 1655-1701. 
245 1 4 |a The full trial between Henry, Duke of Norfolk, plaintiff, and John Germaine, defendant :  |b at the Kings-Bench Barr at Westminster on Thursday, Novemb. xxiiii, in Michaelmas-term, 1693. 
260 |a London printed :  |b [publisher not identified],  |c 1693. 
300 |a 1 online resource (12 pages) 
336 |a text  |b txt  |2 rdacontent 
337 |a computer  |b c  |2 rdamedia 
338 |a online resource  |b cr  |2 rdacarrier 
500 |a Reproduction of original in the Library of Congress. 
510 4 |a Wing  |c F2377A 
533 |a Electronic reproduction.  |b Ann Arbor, Mich. :  |c UMI,  |d 1999-  |f (Early English books online)  |n Digital version of: (Early English books, 1641-1700 ; 1149:25)  |7 s1999 miun s 
650 0 |a Trials (Adultery)  |z England. 
600 1 0 |a Norfolk, Mary Howard,  |c Duchess of,  |d 1659?-1705. 
700 1 |a Germain, John,  |c Sir,  |d 1650-1718. 
710 1 |a England and Wales.  |b Court of King's Bench. 
830 0 |a Early English books online. 
856 4 0 |u http://proxy.library.tamu.edu/login?url=https://search.proquest.com/docview/2240853880  |z Connect to the full text of this electronic book  |t 0 
999 f f |s 4c597d26-96e5-3fb0-ae88-33a391a30cf4  |i aa068ec9-9d82-395c-8060-e18444e941ed  |t 0 
952 f f |a Texas A&M University  |b College Station  |c Electronic Resources  |d Available Online  |t 0  |e KD379 .N67  |h Library of Congress classification 
998 f f |a KD379 .N67  |t 0  |l Available Online